000 00680nam a2200229Ia 4500
999 _c49630
_d49630
001 16562
003 GE_BSU
005 20221122123124.0
008 181216s 2014enk|||||||||||||| ||eng||
020 _a9781292024912x
040 _cGE_BSU
082 _2371 O-75
100 _aOrmrod, Mcdevitt
_96622
245 _aChild Development and Education /
_cMcdevitt Ormrod.
250 _aFirst edition
260 _aEdinburgh
264 _aEdinburgh :
_bPEARSON,
_c2014.
300 _a760 p.;
_bill ;
_c27 cm.
653 _aბავშვის განვითარება და განათლება
653 _aპედაგოგიკა
942 _cBK
_2udc